Az 1828-iki országos összeirás [összeírás!] végleges eredményei első közlemény : vármegyék és kerületek /

Elmentve itt :
Bibliográfiai részletek
Szerző: Tagányi Károly
Dokumentumtípus: Cikk
Megjelent: 1896
Sorozat:Magyar gazdaságtörténelmi szemle 3
Kulcsszavak:Közgazdaságtudomány, Gazdaságtörténet
Online Access:http://misc.bibl.u-szeged.hu/122
LEADER 00686nab a2200169 i 4500
001 misc122
005 20191106144251.0
008 170607s1896 hu o 0|| hun d
040 |a SZTE Miscellanea Repozitórium  |b hun 
041 |a hun 
100 1 |a Tagányi Károly 
245 1 3 |a Az 1828-iki országos összeirás [összeírás!] végleges eredményei   |h [elektronikus dokumentum] :  |b első közlemény : vármegyék és kerületek /  |c  Tagányi Károly 
260 |c 1896 
300 |a 110-117 
490 0 |a Magyar gazdaságtörténelmi szemle  |v 3 
695 |a Közgazdaságtudomány, Gazdaságtörténet 
856 4 0 |u http://misc.bibl.u-szeged.hu/122/1/gazd_tort_szeml_1896_110-117.pdf  |z Dokumentum-elérés